| 000 | 00000nam##2200000za#4500 |
| 001 | 9.700284 |
| 003 | CaOODSP |
| 005 | 20250506145324 |
| 007 | cr ||||||||||| |
| 008 | 150407|1984||||xxc|||||o f|0| 0 eng|d |
| 040 | |aCaOODSP|beng |
| 043 | |an-cn--- |
| 086 | 1 |aA53-1613/1984E-PDF |
| 110 | 1 |aCanada.|bAgriculture Canada. |
| 245 | 10|aSweetclover production in Western Canada |h[electronic resource] |
| 250 | |aPrinted 1977, revised 1984. |
| 260 | |aOttawa - Ontario : |bAgriculture Canada |c1984. |
| 300 | |a16p.|billus., tables |
| 500 | |aHistorical publication digitized by Agriculture and Agri-Food Canada. Cover title. |
| 590 | |a15-02-Supp|b2015-02-16 |
| 690 | 07|aGardening|2gcpds |
| 690 | 07|aNorthern Canada|2gcpds |
| 775 | 08|tLe mélilot and l'ouest du Canada |w(CaOODSP)9.644183 |
| 856 | 40|ahttp://publications.gc.ca|qPDF|s1033 KB|uhttps://publications.gc.ca/collections/collection_2015/aac-aafc/A53-1613-1984-eng.pdf |
| 986 | |aPublication 1613/E |